[Event "Campeonato Navarro Absoluto Individual Fase Final"]
[Site "Residencia Fuerte del Príncipe"]
[Date "2016.04.23"]
[Round "6"]
[Board "20"]
[White "Donazar Garayoa, Miguel"]
[Black "Monroy Ostivar, Alejandro"]
[Result "1/2-1/2"]
[WhiteElo "1675"]
[BlackElo "1412"]
[PlyCount "113"]
[EventDate "2016.03.05"]
[EventRounds "8"]
[EventCountry "ESP"]

1. e4 e5 2. Nf3 Nc6 3. Bb5 d6 4. d4 exd4 5. Nxd4 Bd7 6. Nc3 Nxd4 7. Qxd4 Bxb5
8. Nxb5 a6 9. Nc3 Nf6 10. Bf4 Be7 11. e5 dxe5 12. Qxe5 Qd6 13. O-O Qxe5 14.
Bxe5 O-O-O 15. Rad1 Rxd1 16. Rxd1 Rd8 17. Rxd8+ Bxd8 18. f3 Kd7 19. Kf2 Ke6 20.
Bd4 g6 21. Ne2 Nd5 22. c4 Nb4 23. a3 Nd3+ 24. Ke3 Ne5 25. b3 Bg5+ 26. f4 Ng4+
27. Kf3 Nxh2+ 28. Kg3 Nf1+ 29. Kf2 Nd2 30. fxg5 Nxb3 31. Be3 Na5 32. c5 Nc4 33.
Nf4+ Ke5 34. Bc1 Nxa3 35. Nxg6+ fxg6 36. Bxa3 b6 37. Kf3 a5 38. cxb6 cxb6 39.
g4 b5 40. Bb2+ Kd5 41. Ke3 b4 42. Kd3 a4 43. Bg7 a3 44. Kc2 Kc4 45. Bf8 b3+ 46.
Kb1 a2+ 47. Kb2 Kd5 48. Bg7 Ke4 49. Kxb3 Kf4 50. Kxa2 Kxg5 51. Kb2 Kxg4 52. Bh6
g5 53. Kc2 Kf5 54. Kd2 g4 55. Ke3 Kg6 56. Kf4 Kxh6 57. Kxg4 1/2-1/2

[Event "Campeonato Navarro Absoluto Individual Fase Final"]
[Site "Residencia Fuerte del Príncipe"]
[Date "2016.04.23"]
[Round "6"]
[Board "21"]
[White "Ortega Villa, Alex"]
[Black "Arana Oloron, Roberto"]
[Result "0-1"]
[WhiteElo "1639"]
[BlackElo "1743"]
[PlyCount "76"]
[EventDate "2016.03.05"]
[EventRounds "8"]
[EventCountry "ESP"]

1. e4 e5 2. Nf3 Nc6 3. Bb5 Nf6 4. O-O Nxe4 5. Re1 Nf6 6. Nxe5 Be7 7. d4 O-O 8.
Nc3 a6 9. Bxc6 dxc6 10. Bg5 Bf5 11. Ne2 h6 12. Bh4 Re8 13. c3 c5 14. Bxf6 Bxf6
15. Ng3 Bc8 16. Nh5 Bxe5 17. Rxe5 Rxe5 18. dxe5 Qxd1+ 19. Rxd1 Bg4 20. Rd5 Bxh5
21. Rxc5 Rd8 22. h3 c6 23. e6 Bg6 24. e7 Re8 25. Re5 f6 26. Re1 Kf7 27. Kh2
Rxe7 28. Rxe7+ Kxe7 29. Kg3 Kd6 30. Kf4 Bb1 31. a3 Kc5 32. Ke3 b5 33. g3 Kc4
34. Kd2 c5 35. h4 b4 36. axb4 cxb4 37. cxb4 Kxb4 38. Kc1 Bg6 0-1

[Event "Campeonato Navarro Absoluto Individual Fase Final"]
[Site "Residencia Fuerte del Príncipe"]
[Date "2016.04.30"]
[Round "7"]
[Board "1"]
[White "Leranoz Zabalza, Adrian"]
[Black "Ortega Lopez, Mikel"]
[Result "0-1"]
[WhiteElo "2066"]
[BlackElo "2332"]
[PlyCount "34"]
[EventDate "2016.03.05"]
[EventRounds "8"]
[EventCountry "ESP"]

1. d4 Nf6 2. Nf3 c5 3. e3 cxd4 4. exd4 d5 5. Bd3 Bg4 6. O-O Nc6 7. c3 e6 8. Re1
Bd6 9. Nbd2 O-O 10. Qa4 Bh5 11. Ne5 Bxe5 12. dxe5 Nd7 13. Qf4 Bg6 14. Bxg6 fxg6
15. Qg3 Rf5 16. Nf3 Nc5 17. Nh4 Ne4 0-1

[Event "Campeonato Navarro Absoluto Individual Fase Final"]
[Site "Residencia Fuerte del Príncipe"]
[Date "2016.04.30"]
[Round "7"]
[Board "2"]
[White "Urriza Iricibar, Pablo"]
[Black "Sevilla Subiza, Javier"]
[Result "1-0"]
[WhiteElo "2149"]
[BlackElo "2058"]
[PlyCount "115"]
[EventDate "2016.03.05"]
[EventRounds "8"]
[EventCountry "ESP"]

1. e4 g6 2. d4 Bg7 3. Nc3 d6 4. Bg5 Nf6 5. f3 c5 6. d5 a6 7. a4 O-O 8. Bc4 Nbd7
9. Nge2 Ne5 10. Ba2 Bd7 11. f4 Neg4 12. Qd3 h5 13. h3 Nh6 14. Ng3 b5 15. O-O c4
16. Qe3 b4 17. Nce2 Qc7 18. c3 b3 19. Bb1 Kh7 20. Rd1 e5 21. dxe6 fxe6 22. Bxf6
Bxf6 23. e5 Be7 24. Nxh5 Nf5 25. Bxf5 exf5 26. Nhg3 dxe5 27. Qxe5 Bc5+ 28. Kf1
Qxe5 29. fxe5 Bc6 30. Nd4 Bd5 31. Nf3 Rad8 32. Ne2 Be3 33. Ned4 Rde8 34. Re1
Bf4 35. Kf2 Be4 36. e6 Kh6 37. Rad1 Bc2 38. Ra1 Be4 39. g3 Bd6 40. h4 Bc5 41.
Re3 Bb7 42. Rae1 f4 43. gxf4 Rxf4 44. Kg3 Rf6 45. Ne5 Kg7 46. Nxc4 Bd5 47. Ne5
Bd6 48. Kg4 Ref8 49. Nd3 Re8 50. e7 Rf7 51. Ne6+ Kh6 52. Nef4 Bc6 53. Ne5 Rfxe7
54. Nfxg6 Re6 55. Nf7+ Kg7 56. Rxe6 Bd7 57. Nxd6 Rxe6 58. Rxe6 1-0

[Event "Campeonato Navarro Absoluto Individual Fase Final"]
[Site "Residencia Fuerte del Príncipe"]
[Date "2016.04.30"]
[Round "7"]
[Board "3"]
[White "Roviralta Montero, Axel"]
[Black "Malon Insausti, Andres"]
[Result "1-0"]
[WhiteElo "1952"]
[BlackElo "1566"]
[PlyCount "83"]
[EventDate "2016.03.05"]
[EventRounds "8"]
[EventCountry "ESP"]

1. e4 e6 2. d4 d5 3. e5 c5 4. c3 Qb6 5. Nf3 Nc6 6. a3 f6 7. exf6 Nxf6 8. b4
cxb4 9. cxb4 Bd6 10. Bd3 O-O 11. Be3 Bd7 12. Nc3 Ne7 13. Qb3 Rae8 14. h3 Bb8
15. Rc1 Nh5 16. Ne2 a6 17. Ne5 Qd6 18. g4 Nf6 19. Bf4 Qb6 20. g5 Bxe5 21. Bxe5
Ne4 22. Bxe4 dxe4 23. Nf4 Nf5 24. g6 h6 25. Rc5 Nh4 26. Ke2 Nf3 27. Ke3 Nh4 28.
Rhc1 Ng2+ 29. Kxe4 Bc6+ 30. Rxc6 bxc6 31. Nxg2 Rxf2 32. Nf4 Qb5 33. a4 Qb7 34.
Ke3 Rh2 35. Qc4 Rb2 36. Nd3 Rg2 37. Qxc6 Qe7 38. Qxg2 Qh4 39. Qg4 Qd8 40. Rc7
Re7 41. Nc5 a5 42. Rxe7 1-0

[Event "Campeonato Navarro Absoluto Individual Fase Final"]
[Site "Residencia Fuerte del Príncipe"]
[Date "2016.04.30"]
[Round "7"]
[Board "4"]
[White "Sola Plaza, Gregorio"]
[Black "Alfaro Pinero, Asier"]
[Result "0-1"]
[WhiteElo "1945"]
[BlackElo "1708"]
[PlyCount "42"]
[EventDate "2016.03.05"]
[EventRounds "8"]
[EventCountry "ESP"]

1. d4 Nf6 2. c4 c5 3. d5 b5 4. Qc2 bxc4 5. e4 d6 6. Bd2 g6 7. Na3 Bg7 8. Nf3
O-O 9. Bc3 Nbd7 10. Nxc4 Nb6 11. Nfd2 e6 12. dxe6 Bxe6 13. Be2 Re8 14. f3 d5
15. exd5 Bxd5 16. Kf2 Qc7 17. g3 Qc6 18. Bxf6 Qxf6 19. Rhe1 Rxe2+ 20. Kxe2 Nxc4
21. Ne4 Qd4 0-1

[Event "Campeonato Navarro Absoluto Individual Fase Final"]
[Site "Residencia Fuerte del Príncipe"]
[Date "2016.04.30"]
[Round "7"]
[Board "5"]
[White "Aguinaga Ruiz, Jesus Luis"]
[Black "Laseca Arana, Irati"]
[Result "1-0"]
[WhiteElo "1944"]
[BlackElo "1700"]
[PlyCount "49"]
[EventDate "2016.03.05"]
[EventRounds "8"]
[EventCountry "ESP"]

1. d4 Nf6 2. Bf4 c5 3. e3 d5 4. c3 cxd4 5. exd4 Nc6 6. Bd3 Bg4 7. Qb3 Qd7 8.
Nd2 e6 9. Ngf3 a6 10. Ne5 Nxe5 11. dxe5 Ng8 12. Qc2 Ne7 13. O-O Bf5 14. Rad1
Rc8 15. Nf3 Bxd3 16. Rxd3 Nc6 17. Qb1 Be7 18. Re1 b5 19. Ng5 Qd8 20. Rg3 h6 21.
Nxf7 Qb6 22. Nxh8 d4 23. Rxg7 dxc3 24. bxc3 Qc5 25. Rd1 1-0

[Event "Campeonato Navarro Absoluto Individual Fase Final"]
[Site "Residencia Fuerte del Príncipe"]
[Date "2016.04.30"]
[Round "7"]
[Board "6"]
[White "Ruiz Escobar, Rafael"]
[Black "Lerendegui Lasa, Odei"]
[Result "1-0"]
[WhiteElo "1912"]
[BlackElo "1908"]
[PlyCount "65"]
[EventDate "2016.03.05"]
[EventRounds "8"]
[EventCountry "ESP"]

1. d4 Nf6 2. c4 g6 3. g3 Bg7 4. Bg2 O-O 5. Nf3 d6 6. O-O Nc6 7. Nc3 a6 8. h3
Bd7 9. e4 e5 10. d5 Nd4 11. Nxd4 exd4 12. Ne2 Re8 13. f3 b5 14. g4 d3 15. Qxd3
bxc4 16. Qd1 Qb8 17. Rb1 Qb6+ 18. Kh1 c3 19. Nxc3 Nh5 20. gxh5 Bxc3 21. Bh6 Bf6
22. Qd2 Re5 23. Be3 c5 24. dxc6 Qxc6 25. Bd4 Re6 26. Bxf6 Rxf6 27. Qd4 Rf4 28.
h6 f6 29. Rbc1 Qb5 30. Qxd6 Rh4 31. Rc5 Qb4 32. Qxd7 Rxh6 33. Qd5+ 1-0

[Event "Campeonato Navarro Absoluto Individual Fase Final"]
[Site "Residencia Fuerte del Príncipe"]
[Date "2016.04.30"]
[Round "7"]
[Board "7"]
[White "Cinza Lopez, Javier"]
[Black "Argaya Urdaniz, Miguel"]
[Result "1-0"]
[WhiteElo "1980"]
[BlackElo "1976"]
[PlyCount "79"]
[EventDate "2016.03.05"]
[EventRounds "8"]
[EventCountry "ESP"]

1. g3 e5 2. Bg2 Nc6 3. c4 Bc5 4. e3 Nf6 5. Nc3 O-O 6. Nge2 Re8 7. d3 d6 8. O-O
Bg4 9. Na4 Bb6 10. a3 Qd7 11. b4 Bh3 12. Bb2 Bxg2 13. Kxg2 Ng4 14. h3 Nh6 15.
Qb3 Qe6 16. Nec3 Ne7 17. Nxb6 axb6 18. Nd5 Qd7 19. Rac1 Nc8 20. Rc2 c6 21. Nc3
Qe6 22. b5 f5 23. f4 Ra5 24. d4 Rd8 25. d5 Qe8 26. c5 Nf7 27. bxc6 bxc6 28.
cxb6 cxd5 29. Kh2 d4 30. exd4 exd4 31. b7 Ne7 32. Re1 Rb8 33. Rce2 dxc3 34.
Rxe7 Qf8 35. Qxc3 Rc5 36. Qb3 Re5 37. R7xe5 dxe5 38. Bxe5 Qe7 39. Rc1 Qd7 40.
Rb1 1-0

[Event "Campeonato Navarro Absoluto Individual Fase Final"]
[Site "Residencia Fuerte del Príncipe"]
[Date "2016.04.30"]
[Round "7"]
[Board "8"]
[White "Hernandez Barricarte, Miguel A"]
[Black "Vinal Gutierrez, Pedro"]
[Result "0-1"]
[WhiteElo "1898"]
[BlackElo "2049"]
[PlyCount "92"]
[EventDate "2016.03.05"]
[EventRounds "8"]
[EventCountry "ESP"]

1. d4 d5 2. c4 e6 3. Nf3 c6 4. e3 Bd6 5. Bd3 f5 6. O-O Nf6 7. b3 Qe7 8. Bb2 O-O
9. Qc1 b6 10. a4 Bb7 11. Nc3 Ne4 12. Ne5 Nd7 13. f4 Nxe5 14. fxe5 Bb4 15. Bxe4
dxe4 16. Ba3 a5 17. Bxb4 axb4 18. Ne2 Rfd8 19. Qe1 c5 20. Qf2 g6 21. Rfd1 Rd7
22. h3 Qf7 23. Qh4 Bc6 24. Kh2 Rad8 25. Rd2 Kg7 26. Rad1 h6 27. Qf2 Kh7 28. g3
Qe7 29. Rf1 Qg5 30. h4 Qe7 31. Ra2 Rg8 32. Rh1 Rgd8 33. Rd1 Qg7 34. Nf4 cxd4
35. exd4 Re7 36. Qe3 Be8 37. Rad2 g5 38. hxg5 Qxg5 39. Ng2 Bh5 40. Re1 Bf3 41.
Nh4 Qh5 42. d5 Rg7 43. Rg1 Rg4 44. Kh3 f4 45. Qxb6 Rdg8 46. Qc7+ R8g7 0-1

[Event "Campeonato Navarro Absoluto Individual Fase Final"]
[Site "Residencia Fuerte del Príncipe"]
[Date "2016.04.30"]
[Round "7"]
[Board "9"]
[White "Ortin Blanco, Ainhoa"]
[Black "Alfonso Abrego, Santiago"]
[Result "1-0"]
[WhiteElo "2010"]
[BlackElo "1797"]
[PlyCount "83"]
[EventDate "2016.03.05"]
[EventRounds "8"]
[EventCountry "ESP"]

1. d4 e6 2. c4 d5 3. Nc3 Nf6 4. cxd5 exd5 5. Bg5 c6 6. Qc2 Nbd7 7. e3 Qa5 8.
Bd3 Bd6 9. Nf3 O-O 10. O-O b6 11. a3 b5 12. e4 dxe4 13. Nxe4 Be7 14. Nxf6+ Bxf6
15. Bxh7+ Kh8 16. Qxc6 Rb8 17. Qe4 Rb6 18. Bd2 Qa6 19. Qf5 Ne5 20. Qh5 Bg4 21.
Qxe5 Bxe5 22. Nxe5 Kxh7 23. Nxg4 Qc8 24. Ne5 f6 25. Rac1 Qe6 26. Nd3 Qe2 27.
Bb4 Rf7 28. Nc5 Qxb2 29. Rc3 Qe2 30. Rh3+ Kg8 31. Re1 Qc4 32. Nd3 g5 33. Re8+
Kg7 34. Rhh8 Kg6 35. Rhg8+ Rg7 36. Rxg7+ Kxg7 37. Nc5 Kf7 38. Re4 Kg6 39. h4 f5
40. Re8 Kf7 41. Re5 Kg6 42. d5 1-0

[Event "Campeonato Navarro Absoluto Individual Fase Final"]
[Site "Residencia Fuerte del Príncipe"]
[Date "2016.04.30"]
[Round "7"]
[Board "10"]
[White "Martinez Zazo, Jesus"]
[Black "Barberia Fernandez, Inaki"]
[Result "0-1"]
[WhiteElo "1783"]
[BlackElo "1865"]
[PlyCount "96"]
[EventDate "2016.03.05"]
[EventRounds "8"]
[EventCountry "ESP"]

1. e4 c5 2. Nf3 d6 3. c3 Nd7 4. d4 cxd4 5. cxd4 e6 6. Bd3 Qc7 7. O-O Ngf6 8.
Nc3 a6 9. Bg5 h6 10. Bh4 Nh5 11. Ne2 g5 12. Bg3 Bg7 13. Rc1 Qb6 14. Qc2 Nxg3
15. hxg3 Rb8 16. Qc7 Qxc7 17. Rxc7 b5 18. Rfc1 Bb7 19. Nd2 e5 20. Nb3 exd4 21.
Nbxd4 Nc5 22. Bb1 O-O 23. Nf5 Bxe4 24. Nxd6 Bxb1 25. Rxb1 Nd3 26. Nf5 Kh7 27.
Rd7 Rbd8 28. Rxd8 Rxd8 29. Nxg7 Kxg7 30. Rd1 Re8 31. Rd2 Nc5 32. Kf1 Ne4 33.
Rd4 Re6 34. f3 Nd6 35. Kf2 Nc4 36. b3 Nd6 37. Rd5 Rf6 38. g4 Kf8 39. Nd4 Ne4+
40. Ke3 Nc3 41. Kd3 Nxa2 42. Rc5 Rd6 43. Ke4 Ke8 44. Ke5 Kd7 45. Ke4 Nb4 46. g3
Nc6 47. Nf5 Re6+ 48. Kd5 Re5# 0-1

[Event "Campeonato Navarro Absoluto Individual Fase Final"]
[Site "Residencia Fuerte del Príncipe"]
[Date "2016.04.30"]
[Round "7"]
[Board "11"]
[White "Huarte Zozaya, Aitor"]
[Black "Lizuain Toni, Javier"]
[Result "0-1"]
[WhiteElo "1692"]
[BlackElo "1840"]
[PlyCount "108"]
[EventDate "2016.03.05"]
[EventRounds "8"]
[EventCountry "ESP"]

1. e4 e5 2. Nf3 Nc6 3. Bb5 Nd4 4. Bc4 Nxf3+ 5. Qxf3 Qf6 6. Qe2 Bc5 7. Nc3 Ne7
8. O-O c6 9. d3 Ng6 10. Be3 Bb6 11. Bxb6 axb6 12. Qe3 b5 13. Bb3 O-O 14. Ne2
Nf4 15. Ng3 h5 16. c3 d6 17. Ne2 Qg5 18. Nxf4 exf4 19. Qe2 Be6 20. Rfd1 f3 21.
Qxf3 Bg4 22. Qg3 h4 23. Qxd6 Rad8 24. Qc7 Rd7 25. f4 Rxc7 26. fxg5 Bxd1 27.
Rxd1 Kh7 28. Rf1 Kg6 29. Rf5 Rd7 30. d4 Rh8 31. Bd1 b4 32. Rc5 bxc3 33. bxc3
Re7 34. Bc2 Rh5 35. Kf2 Rxg5 36. Rxg5+ Kxg5 37. Kf3 g6 38. Bb3 Rd7 39. e5 Re7
40. c4 c5 41. dxc5 Rxe5 42. c6 bxc6 43. Ba4 Ra5 44. Bxc6 Rxa2 45. Bd5 f5 46.
Bc6 h3 47. gxh3 Rxh2 48. Kg3 Rc2 49. Bd5 Rc3+ 50. Kg2 Kh4 51. Bf7 Rxh3 52. Kf2
Rc3 53. Bxg6 Rxc4 54. Bxf5 Rf4+ 0-1

[Event "Campeonato Navarro Absoluto Individual Fase Final"]
[Site "Residencia Fuerte del Príncipe"]
[Date "2016.04.30"]
[Round "7"]
[Board "13"]
[White "Zuniga Arraras, Marina"]
[Black "Ochoa Aldaz, Mikel"]
[Result "1/2-1/2"]
[WhiteElo "1780"]
[BlackElo "1704"]
[PlyCount "89"]
[EventDate "2016.03.05"]
[EventRounds "8"]
[EventCountry "ESP"]

1. d4 d5 2. Nf3 Bf5 3. e3 Nf6 4. c4 c6 5. Nc3 e6 6. Nh4 Bg6 7. Nxg6 hxg6 8.
cxd5 exd5 9. g3 Bd6 10. Bg2 Nbd7 11. O-O O-O 12. e4 Nxe4 13. Nxe4 dxe4 14. Bxe4
Re8 15. Bd3 Qf6 16. Be3 Nb6 17. Qb3 Qe6 18. Qxe6 Rxe6 19. Bd2 Rd8 20. Rac1 Be7
21. Be3 Bf6 22. Bc4 Red6 23. Bb3 Bxd4 24. Bxd4 Rxd4 25. Rfe1 Kf8 26. Re2 Rd2
27. Rce1 Rxe2 28. Rxe2 Rd4 29. Kg2 a5 30. a3 Nc4 31. Ba2 a4 32. f3 Na5 33. Kf2
Nb3 34. Rc2 Rd1 35. Ke2 Rh1 36. Ke3 Re1+ 37. Kf2 Rh1 38. Ke3 Rd1 39. Ke2 Rd5
40. Bxb3 axb3 41. Rc3 Rb5 42. Kd3 Rd5+ 43. Ke2 Re5+ 44. Kd3 Rd5+ 45. Ke2
 1/2-1/2

[Event "Campeonato Navarro Absoluto Individual Fase Final"]
[Site "Residencia Fuerte del Príncipe"]
[Date "2016.04.30"]
[Round "7"]
[Board "14"]
[White "Sancinena Arpide, Juan"]
[Black "Garisoain Ardanaz, Alvaro"]
[Result "0-1"]
[WhiteElo "1605"]
[BlackElo "1739"]
[PlyCount "83"]
[EventDate "2016.03.05"]
[EventRounds "8"]
[EventCountry "ESP"]

1. e4 d6 2. d4 Nf6 3. Nc3 Nbd7 4. f4 e5 5. Nf3 Be7 6. Bc4 O-O 7. O-O a6 8. fxe5
dxe5 9. dxe5 Ng4 10. e6 Bc5+ 11. Nd4 Nde5 12. exf7+ Kh8 13. Bd5 c6 14. Kh1 cxd5
15. Nxd5 Qh4 16. Bf4 Nf2+ 17. Rxf2 Qxf2 18. Bxe5 Rxf7 19. Nf3 Bg4 20. Bg3 Qxf3
21. gxf3 Bxf3+ 22. Qxf3 Rxf3 23. Kg2 Rf7 24. Re1 Rd8 25. c4 Rdf8 26. Re2 Re8
27. b4 Bd4 28. e5 Re6 29. Nf4 Rxe5 30. Ng6+ hxg6 31. Bxe5 Re7 32. Bxg7+ Rxg7
33. c5 Bc3 34. a3 Rd7 35. Kf3 Rf7+ 36. Kg4 Kg7 37. Rc2 Be5 38. h4 Kh6 39. c6
Rf4+ 40. Kh3 bxc6 41. Rxc6 Rf3+ 42. Kg4 0-1

[Event "Campeonato Navarro Absoluto Individual Fase Final"]
[Site "Residencia Fuerte del Príncipe"]
[Date "2016.04.30"]
[Round "7"]
[Board "16"]
[White "Arana Oloron, Roberto"]
[Black "Zaratiegui Cardesa, Jose"]
[Result "1-0"]
[WhiteElo "1743"]
[BlackElo "1740"]
[PlyCount "81"]
[EventDate "2016.03.05"]
[EventRounds "8"]
[EventCountry "ESP"]

1. e4 e5 2. Nf3 Nc6 3. Bc4 Be7 4. c3 Nf6 5. d4 d6 6. d5 Nb8 7. Qc2 O-O 8. Bg5
Bg4 9. Nbd2 Nbd7 10. h3 Bh5 11. O-O-O a6 12. Be3 b5 13. Bd3 h6 14. g4 Bg6 15.
Rdg1 Nb6 16. h4 Nc4 17. g5 Nxe3 18. fxe3 hxg5 19. hxg5 Nh7 20. Nh4 Bxg5 21.
Nxg6 fxg6 22. Rh3 Rf2 23. Rgh1 Bh6 24. Qd1 Qf6 25. Be2 Ng5 26. Rg3 c6 27. dxc6
Rc8 28. Nb3 Qf7 29. Rhg1 Nxe4 30. Rxg6 Rf6 31. Rxf6 Nxf6 32. Rg3 Rxc6 33. Qh1
Bxe3+ 34. Rxe3 e4 35. Rh3 Kf8 36. Rh8+ Ke7 37. Ra8 Qg6 38. Ra7+ Nd7 39. Qh4+
Qf6 40. Qxf6+ gxf6 41. Bg4 1-0

[Event "Campeonato Navarro Absoluto Individual Fase Final"]
[Site "Residencia Fuerte del Príncipe"]
[Date "2016.04.30"]
[Round "7"]
[Board "17"]
[White "Martinez Bernardo, Aitor"]
[Black "Ortega Villa, Alex"]
[Result "0-1"]
[WhiteElo "1763"]
[BlackElo "1639"]
[PlyCount "100"]
[EventDate "2016.03.05"]
[EventRounds "8"]
[EventCountry "ESP"]

1. c4 g6 2. Nc3 Bg7 3. Nf3 Nf6 4. g3 d6 5. Bg2 c6 6. O-O O-O 7. d3 Na6 8. a3
Nc7 9. Qc2 d5 10. cxd5 Nfxd5 11. Nxd5 Nxd5 12. Rb1 a5 13. Bd2 a4 14. b3 axb3
15. Qxb3 e5 16. Rfc1 Re8 17. Ng5 Rf8 18. Ne4 Qe7 19. a4 f5 20. Nc3 e4 21. Nxd5
cxd5 22. Bb4 Qe5 23. Bxf8 Bxf8 24. dxe4 fxe4 25. Rd1 Be6 26. Qxb7 Rxa4 27. Qc6
Rc4 28. Qe8 Rc8 29. Qb5 h5 30. h4 Bc5 31. e3 Bxe3 32. fxe3 Qxg3 33. Re1 g5 34.
Qe2 gxh4 35. Qf2 Qg5 36. Qf4 Qg6 37. Qxh4 Rc2 38. Rb8+ Kh7 39. Rb7+ Kh8 40. Qh2
Qg5 41. Rb8+ Kh7 42. Rb7+ Kh8 43. Rc7 Rb2 44. Kh1 Qg4 45. Rf1 Kg8 46. Rcc1 Qg5
47. Rf4 Kh8 48. Rcf1 Kg7 49. Re1 Kh8 50. Rg1 Bg4 0-1

[Event "Campeonato Navarro Absoluto Individual Fase Final"]
[Site "Residencia Fuerte del Príncipe"]
[Date "2016.05.07"]
[Round "8"]
[Board "1"]
[White "Ortega Lopez, Mikel"]
[Black "Urriza Iricibar, Pablo"]
[Result "1/2-1/2"]
[WhiteElo "2332"]
[BlackElo "2149"]
[PlyCount "82"]
[EventDate "2016.03.05"]
[EventRounds "8"]
[EventCountry "ESP"]

1. e4 e6 2. d4 d5 3. Nd2 h6 4. c3 c5 5. Bd3 Nc6 6. Ngf3 Nf6 7. O-O cxd4 8. cxd4
dxe4 9. Nxe4 Be7 10. Nxf6+ Bxf6 11. Be3 O-O 12. Rc1 Ne7 13. Qd2 Re8 14. Bf4 Nd5
15. Be5 Bd7 16. Be4 Bc6 17. Bxf6 Qxf6 18. Ne5 Rad8 19. Nxc6 bxc6 20. Bxd5 Rxd5
21. Rxc6 Rxd4 22. Qc3 Red8 23. g3 Rd2 24. Qxf6 gxf6 25. Ra6 Rxb2 26. Rxa7 Rdd2
27. a3 Ra2 28. Ra4 f5 29. g4 f4 30. Rxf4 Rxa3 31. Rc1 Rd7 32. Kg2 Kg7 33. Rc5
f6 34. Rc6 Re7 35. Rb4 e5 36. Rbb6 Rf7 37. Re6 Ra4 38. Kg3 Rf4 39. f3 Rc7 40.
Rec6 Ra7 41. Ra6 Rb7 1/2-1/2

[Event "Campeonato Navarro Absoluto Individual Fase Final"]
[Site "Residencia Fuerte del Príncipe"]
[Date "2016.05.07"]
[Round "8"]
[Board "2"]
[White "Alfaro Pinero, Asier"]
[Black "Aguinaga Ruiz, Jesus Luis"]
[Result "1/2-1/2"]
[WhiteElo "1708"]
[BlackElo "1944"]
[PlyCount "54"]
[EventDate "2016.03.05"]
[EventRounds "8"]
[EventCountry "ESP"]

1. d4 d6 2. c4 e5 3. d5 f5 4. e4 fxe4 5. Nc3 Nf6 6. Nge2 Be7 7. Ng3 O-O 8.
Ngxe4 Nxe4 9. Nxe4 Qe8 10. Bd3 Bf5 11. Qc2 Qg6 12. O-O Nd7 13. Be3 a5 14. b3 b6
15. Rad1 Nc5 16. Bxc5 bxc5 17. Nc3 Bxd3 18. Qxd3 Qxd3 19. Rxd3 Rf7 20. g3 h5
21. Kg2 Raf8 22. f3 h4 23. Re1 Ra8 24. a4 g6 25. Nb5 Bg5 26. Re4 Kg7 27. Rg4
Kh6 1/2-1/2

[Event "Campeonato Navarro Absoluto Individual Fase Final"]
[Site "Residencia Fuerte del Príncipe"]
[Date "2016.05.07"]
[Round "8"]
[Board "3"]
[White "Sevilla Subiza, Javier"]
[Black "Roviralta Montero, Axel"]
[Result "1-0"]
[WhiteElo "2058"]
[BlackElo "1952"]
[PlyCount "47"]
[EventDate "2016.03.05"]
[EventRounds "8"]
[EventCountry "ESP"]

1. d4 a6 2. g3 b5 3. Bg2 Ra7 4. e4 e6 5. Ne2 c5 6. Be3 Qc7 7. O-O Bb7 8. a4 Ra8
9. axb5 axb5 10. Nbc3 Rxa1 11. Qxa1 Ba6 12. Bf4 d6 13. dxc5 Qxc5 14. Be3 Qc7
15. Nd4 b4 16. Qa4+ Kd8 17. Ncb5 Qd7 18. Qa5+ Ke7 19. Rd1 Nf6 20. Nxd6 Qxd6 21.
Nf5+ exf5 22. Bc5 Qxc5 23. Qxc5+ Ke8 24. Qe5+ 1-0

[Event "Campeonato Navarro Absoluto Individual Fase Final"]
[Site "Residencia Fuerte del Príncipe"]
[Date "2016.05.07"]
[Round "8"]
[Board "4"]
[White "Cinza Lopez, Javier"]
[Black "Leranoz Zabalza, Adrian"]
[Result "0-1"]
[WhiteElo "1980"]
[BlackElo "2066"]
[PlyCount "62"]
[EventDate "2016.03.05"]
[EventRounds "8"]
[EventCountry "ESP"]

1. e4 Nc6 2. Nf3 d5 3. exd5 Qxd5 4. Nc3 Qd6 5. g3 e5 6. Bg2 Bg4 7. O-O O-O-O 8.
d3 f6 9. Be3 h5 10. h3 Be6 11. Ne4 Qd7 12. h4 Bg4 13. Qd2 g5 14. hxg5 f5 15.
Nf6 Nxf6 16. gxf6 Bxf3 17. Bxf3 f4 18. Bxf4 exf4 19. Qxf4 Bd6 20. Qa4 Qf5 21.
Bxc6 bxc6 22. Qxc6 Rdg8 23. Kg2 Qxf6 24. Rae1 h4 25. Qa8+ Kd7 26. Qxa7 hxg3 27.
Qa4+ c6 28. Qa7+ Bc7 29. f4 Rh2+ 30. Kg1 g2 31. Re7+ Qxe7 0-1

[Event "Campeonato Navarro Absoluto Individual Fase Final"]
[Site "Residencia Fuerte del Príncipe"]
[Date "2016.05.07"]
[Round "8"]
[Board "5"]
[White "Malon Insausti, Andres"]
[Black "Ruiz Escobar, Rafael"]
[Result "1-0"]
[WhiteElo "1566"]
[BlackElo "1912"]
[PlyCount "63"]
[EventDate "2016.03.05"]
[EventRounds "8"]
[EventCountry "ESP"]

1. e4 c5 2. c3 Nf6 3. e5 Nd5 4. d4 cxd4 5. cxd4 e6 6. Nc3 Nxc3 7. bxc3 d6 8.
Bd2 Nc6 9. Bb5 Bd7 10. Qe2 Be7 11. Nf3 O-O 12. O-O a6 13. Bd3 dxe5 14. dxe5 Rc8
15. Rad1 g6 16. Qe4 f5 17. Qf4 Rf7 18. Qh6 Qe8 19. Rfe1 Na5 20. h4 Ba4 21. Rb1
Rd8 22. Be2 Bc6 23. c4 Nxc4 24. Bxc4 Bxf3 25. gxf3 Bxh4 26. Qxh4 Rxd2 27. Rb6
g5 28. Qh6 Qd8 29. Bxe6 Rdd7 30. Rd6 Qf8 31. Qxf8+ Kxf8 32. Rxd7 1-0

[Event "Campeonato Navarro Absoluto Individual Fase Final"]
[Site "Residencia Fuerte del Príncipe"]
[Date "2016.05.07"]
[Round "8"]
[Board "6"]
[White "Vinal Gutierrez, Pedro"]
[Black "Laseca Arana, Irati"]
[Result "0-1"]
[WhiteElo "2049"]
[BlackElo "1700"]
[PlyCount "66"]
[EventDate "2016.03.05"]
[EventRounds "8"]
[EventCountry "ESP"]

1. e3 e5 2. d4 exd4 3. exd4 d5 4. Bd3 Bd6 5. Nc3 c6 6. Nge2 Qh4 7. Be3 Nf6 8.
Qd2 O-O 9. Bg5 Qg4 10. Bxf6 gxf6 11. h3 Qg5 12. f4 Qg7 13. g4 Re8 14. O-O-O b5
15. Ng3 Bb4 16. Nh5 Qh6 17. Rde1 Rf8 18. Qe2 Na6 19. Rhg1 Kh8 20. h4 f5 21.
Bxf5 Bxf5 22. Qe5+ f6 23. Qxf5 Qg6 24. Qd7 Ba5 25. f5 Qh6+ 26. Kd1 Nb4 27. Re2
Rad8 28. Qe7 c5 29. Qxc5 Rc8 30. Qxb5 Rxc3 31. Qxa5 Rc4 32. c3 Rfc8 33. Rge1
Rxd4+ 0-1